[Event "GRE-ch U16 Girls"]
[Site "Kallithea"]
[Date "2009.06.27"]
[Round "4"]
[White "Fragaki, Maria"]
[Black "Tsarouha, Marianthi"]
[Result "1-0"]
[WhiteElo "1885"]
[BlackElo "1738"]
[PlyCount "63"]
[EventDate "2009.06.25"]
[EventType "swiss"]
[EventRounds "9"]
[EventCountry "GRE"]
[SourceTitle "EXT 2011"]
[Source "ChessBase"]
[SourceDate "2010.11.26"]
[SourceVersion "1"]
[SourceVersionDate "2010.11.26"]
[SourceQuality "1"]

1. e4 c5 2. Nf3 e6 3. d4 cxd4 4. Nxd4 Nf6 5. Nc3 d6 6. g4 a6 7. g5 Nfd7 8. Be3 b5 9. Bg2 Bb7 10. a3 Nb6 11. f4 Nc4 12. Bc1 Nc6 13. Nxc6 Bxc6 14. Qe2 Be7 15. h4 Qa5 16. Qd3 Qc7 17. b3 Nb6 18. Bb2 Rd8 19. Ne2 Rg8 20. Nd4 d5 21. e5 g6 22. h5 Nd7 23. hxg6 hxg6 24. Rh7 Nxe5 25. Qe3 Bxg5 26. fxg5 Ng4 27. Qf3 Ne5 28. Qe2 Bb7 29. Nxe6 Nd3+ 30. Qxd3 Qe7 31. Qe2 Bc8 32. Nxd8 1-0

[Event "GRE-ch U18 Girls"]
[Site "Greece"]
[Date "2009.01.06"]
[Round "5"]
[White "Fragaki, Maria"]
[Black "Koutsogiannopoulou, Theodora"]
[Result "0-1"]
[WhiteElo "1903"]
[BlackElo "1834"]
[PlyCount "80"]
[EventDate "2009.01.02"]
[EventType "swiss"]
[EventRounds "7"]
[EventCountry "GRE"]
[SourceTitle "EXT 2011"]
[Source "ChessBase"]
[SourceDate "2010.11.26"]
[SourceVersion "1"]
[SourceVersionDate "2010.11.26"]
[SourceQuality "1"]

1. e4 c5 2. Nf3 d6 3. d4 cxd4 4. Nxd4 Nf6 5. Nc3 a6 6. f3 e5 7. Nb3 Be7 8. Be3 h5 9. Qd2 Be6 10. Be2 Nbd7 11. Rd1 b5 12. Nd5 Bxd5 13. exd5 Nb6 14. Bxb6 Qxb6 15. Qd3 g6 16. c4 bxc4 17. Qxc4 0-0 18. Qc6 Qb4+ 19. Qc3 Qh4+ 20. g3 Qg5 21. Qd2 Qf5 22. 0-0 Kg7 23. Rc1 Nh7 24. Bd3 Qd7 25. Rc6 h4 26. gxh4 Bxh4 27. Qb4 Qh3 28. Qg4 Ng5 29. Bc4 Rh8 30. Rxd6 Rh7 31. Qg2 Rah8 32. Rxa6 Qf5 33. Qg4 Nh3+ 34. Kh1 Qc2 35. Ra7 Be7 36. Qg2 Qxc4 37. Rxe7 Nf4 38. Rc1 Rxh2+ 39. Qxh2 Rxh2+ 40. Kxh2 Qe2+ 0-1